Terrorism Terms Quiz Stats

 Plays Quiz not verified by Sporcle

Score 0/20 Timer 06:00
0 Plays Today
Hint Term % Correct
Islamist terrorist organization responsible for attacks on World Trade CenterAl Qaeda
78.7%
Date of attacks mentioned in 1 (mm-dd-yyyy)09-11-2001
76.6%
United States' effort to reid the world of terrorism; declared after answer to 2war on terror
68.1%
Initials of nationalist terrorist group in Northern IrelandIRA
66%
Terrorists are more likely or less likely to have a high school educationmore
61.7%
Terrorists often seek _____ coverage to attempt to spread their messagemedia
53.2%
City where a 1995 bombing of a federal government building killed over 150 peopleOklahoma City
51.1%
City where terrorists released toxic gas in the subway system in 1995Tokyo
43.6%
Leader of Cambodia (1963-1981) responsible for the death of about 1/5 of Cambodia's populationPol Pot
38.3%
Predominantly Muslim section of Russia where groups have resorted to terrorism to attempt to create an independent nationChechnya
35.1%
Hint Term % Correct
Terrorist group that killed Archduke Franz Ferdinand, likely sparking World War IBlack Hand
30.9%
Terrorist who attacked universities and airlines in the 70s, 80s, and 90s (nickname)Unabomber
19.1%
Given first name of 7Ted
17%
1998 treaty designed to make peace in Northern Ireland and end terrorist activity of #15Good Friday Agreement
14.9%
Terrorism by individuals ('from _____')below
11.7%
Terrorism by governments ('from _____')above
10.6%
Group that kidnapped, and later killed, members of the Israeli Olympic team during the 1972 gamesBlack Semptember
7.4%
Secret banking activity variable used in algorithm to identify terror suspectsVariable X
6.4%
Electronic communication often used to identify possible terrorist activitychatter
6.4%
Where 7's first bomb explodedNorthwestern
6.4%

You're not logged in!

Compare scores with friends on all Sporcle quizzes.
OR
Log In

Show Comments

Extras

Created Oct 12, 2010ReportNominate
Tags:term, terrorism

Top Quizzes Today


Score Distribution

Your Account Isn't Verified!

In order to create a playlist on Sporcle, you need to verify the email address you used during registration. Go to your Sporcle Settings to finish the process.

Report this User

Report this user for behavior that violates our Community Guidelines.

Details: